Boygenius- Discography - Statistics

General Stats
  • This quiz has been taken 32 times
    23 since last reset
  • The average score is 18 of 23
Answer Stats
Hint Answer % Correct
3. Emily I'm Sorry
95%
2. Me & My Dog
95%
2. $20
90%
6. Not Strong Enough
90%
4. True Blue
90%
1. Black Hole
86%
5. Cool About It
86%
5. Salt In The Wound
86%
1. Without You Without Them
86%
6. Ketchum, ID
81%
8. Leonard Cohen
81%
12. Letter To An Old Poet
81%
9. Satanist
81%
10. We're In Love
81%
2. Afraid of Heights
76%
11. Anti-Curse
76%
1. Bite The Hand
76%
7. Revolution 0
76%
3. Voyager
76%
4. Powers
71%
3. Souvenir
67%
4. Stay Down
52%
(Single, Ye Vagabonds) The Parting Glass
52%
No matching quizzes found
Score Distribution
Percent of People with Each Score
Percentile by Number Answered
Your Score History
You have not taken this quiz since the last reset